00461nam a2200169 a 45000010005000000030009000050080041000140400028000550820017000831000022001002450056001222600035001783000015002134900024002286500026002526500013002783668CO-ViMGA141112s2004 ck r 000 u spa d aCO-ViMGAbspacCO-ViMGA04a302.23 M258m1 aMeluhan, Marshall10aEl medio es el mensaje : bun inventario de efectos aBarcelona : bPaidós, c1995 a167 p : il aPaidós studio, 6514aCOMUNICACION DE MASAS14aMENSAJES